| 000 | 00848nam a22002537a 4500 | ||
|---|---|---|---|
| 005 | 20170123162346.0 | ||
| 010 | _aA-645639 | ||
| 020 | _c25.00 | ||
| 035 | _aA-645639 | ||
| 037 | _bCen Lib/Ret | ||
| 040 |
_aDPL _bUR |
||
| 082 |
_a841.08 _bخ س ر |
||
| 100 |
_aظ. انصاری _9133063 |
||
| 245 |
_aخسرو کا ذہنی سفر / _cظ. انصاری |
||
| 246 |
_aKhusro ka zahni safar / _bby Z. Ansari |
||
| 260 |
_aنیی دہلی _bانجمن اردو ترقی ہند _c1988 |
||
| 270 |
_bنیی دہلی _aاردو گھر روسے ، روسے ایونیو _e110002 |
||
| 300 |
_a151p. _c21cm(Hb) |
||
| 650 |
_aادب -- اردو _9133064 |
||
| 650 |
_a ادبی تنقید _9133065 |
||
| 650 |
_aLiterature -- Urdu _9133066 |
||
| 650 |
_aLiterary criticism _923292 |
||
| 942 |
_2ddc _cUR _h841.08 _mخ س ر |
||
| 999 |
_c108930 _d108930 |
||